[Event "Tournament for new players to the site"]
[Site "SchemingMind.com"]
[Date "2005.04.27"]
[Round "-"]
[White "enkae"]
[Black "Scotty919"]
[Result "1-0"]
[WhiteCountry "GER"]
[BlackCountry "ENG"]
[WhiteElo "1624"]
[WhiteRD "130"]
[BlackElo "1465"]
[BlackRD "99"]
[GameID "13839"]

1. e4 e5 2. Nf3 d6 3. d4 Nf6 4. dxe5 Nxe4 5. Bd3 Nc5 6. Nc3 Nc6 7. exd6 Qxd6 8. g3 g6 9. Nb5 Qe7+ 10. Be3 Na4
11. b3 Nb6 12. O-O a6 13. Bg5 f6 14. Bxf6 Qxf6 15. Nxc7+ Kd8 16. Nxa8 Nxa8 17. Qd2 Kc7 18. Ng5 Ne5 19. Ne4 Qb6 20. Qc3+ Nc6
21. Qxh8 Be7 22. Qxh7 Bf5 23. a3 Qd4 24. Qg8 Nb6 25. Rad1 Bxe4 26. Bxe4 Qxe4 27. Rfe1 Qxe1+ 28. Rxe1
1-0

[Event "Tournament for new players to the site"]
[Site "SchemingMind.com"]
[Date "2005.04.27"]
[Round "-"]
[White "Gary"]
[Black "enkae"]
[Result "1-0"]
[WhiteCountry "ENG"]
[BlackCountry "GER"]
[WhiteElo "1579"]
[WhiteRD "65"]
[BlackElo "1635"]
[BlackRD "107"]
[GameID "13841"]

1. e4 Nc6 2. d4 e5 3. d5 Nce7 4. Nf3 d6 5. c4 Nf6 6. Nc3 Bg4 7. Be2 Ng6 8. O-O h5 9. Bg5 h4 10. h3 Bxf3
11. Bxf3 Be7 12. Be3 Qd7 13. Qd2 Nh5 14. Ne2 f5 15. exf5 Qxf5 16. Bg4 Qe4 17. b3 Ngf4 18. Nxf4 exf4 19. Bxh5+ Rxh5 20. Bxf4 g5
21. Rfe1 Qxf4 22. Rxe7+ Kxe7 23. Qe2+ Kd7 24. Qxh5 Qe5 25. Qh7+ Qe7 26. Qxe7+ Kxe7 27. Re1+ Kf6 28. Re6+ Kf5 29. Kf1 Kf4 30. Ke2 a5
31. a4 b6 32. Re7 Rc8 33. Kd3 Kf5 34. Kd4 Kf4 35. Rf7#
1-0

[Event "Tournament for new players to the site"]
[Site "SchemingMind.com"]
[Date "2005.04.27"]
[Round "-"]
[White "Ashmaster"]
[Black "enkae"]
[Result "0-1"]
[WhiteCountry "IRL"]
[BlackCountry "GER"]
[WhiteElo "1432"]
[WhiteRD "65"]
[BlackElo "1700"]
[BlackRD "204"]
[GameID "13842"]

1. d4 d5 2. c4 Nf6 3. e3 Bf5 4. Nf3 Nc6 5. cxd5 Nb4 6. Bb5+ c6 7. dxc6 bxc6 8. Qd2 e6 9. a3 Qa5 10. axb4 Bxb4
11. Rxa5 Bxd2+ 12. Bxd2 cxb5 13. Rxb5 Bxb1 14. O-O Bd3 15. Rb7 Bxf1 16. Kxf1 O-O 17. Bb4 Rfc8 18. Ne5 a5 19. Bc3 a4 20. Rxf7 Ne4
21. Bb4 Rcb8 22. Bc3 Nxc3 23. bxc3 a3 24. Re7 a2
0-1

[Event "Tournament for new players to the site"]
[Site "SchemingMind.com"]
[Date "2005.04.27"]
[Round "-"]
[White "1d4"]
[Black "enkae"]
[Result "1-0"]
[WhiteCountry "USA"]
[BlackCountry "GER"]
[WhiteElo "1943"]
[WhiteRD "120"]
[BlackElo "1624"]
[BlackRD "130"]
[GameID "13843"]

1. d4 d5 2. c4 dxc4 3. Nf3 Nf6 4. Nc3 Bf5 5. e3 e6 6. Bxc4 Nc6 7. O-O Bd6 8. Re1 Nb4 9. e4 Bg4 10. e5 Bxf3
11. Qxf3 Nc2 12. Bg5 Nxe1 13. Rxe1 h6 14. Bxf6 gxf6 15. exd6 cxd6 16. d5 e5 17. Ne4 Qa5 18. Nxd6+ Kd7 19. Re4 Kxd6 20. Qxf6+ Kc5
21. Qe7+
1-0

[Event "Tournament for new players to the site"]
[Site "SchemingMind.com"]
[Date "2005.04.27"]
[Round "-"]
[White "flamingarrow"]
[Black "enkae"]
[Result "1-0"]
[WhiteCountry "GBR"]
[BlackCountry "GER"]
[WhiteElo "1709"]
[WhiteRD "104"]
[BlackElo "1624"]
[BlackRD "130"]
[GameID "13844"]

1. e4 Nc6 2. d4 e5 3. d5 Nce7 4. Nf3 Nf6 5. Bd3 Ng6 6. O-O Bc5 7. Bg5 c6 8. Nc3 Qb6 9. Na4 Qb4 10. Nxc5 Qxc5
11. Be3 Qa5 12. c4 O-O 13. a3 cxd5 14. b4 Qc7 15. cxd5 Re8 16. Rc1 Qd6 17. Bc5 Qc7 18. d6 Qd8 19. b5 b6 20. Bb4 a5
21. Bc3 Nf4 22. Bxe5 Bb7 23. Bxf4 Nxe4 24. Qc2 Rc8 25. Qb1 Qf6 26. Rxc8 Rxc8 27. Bxe4 Rc3 28. Be5 Rxf3 29. Bxf6 Bxe4 30. Qxe4 Rxf6
31. Qa8#
1-0

[Event "Tournament for new players to the site"]
[Site "SchemingMind.com"]
[Date "2005.04.27"]
[Round "-"]
[White "Noble King"]
[Black "enkae"]
[Result "1-0"]
[WhiteCountry "AUS"]
[BlackCountry "GER"]
[WhiteElo "1836"]
[WhiteRD "110"]
[BlackElo "1687"]
[BlackRD "111"]
[GameID "13845"]

1. Nf3 Nc6 2. e3 e5 3. d3 d5 4. Nbd2 Nf6 5. Be2 Be6 6. O-O Bc5 7. a3 d4 8. exd4 exd4 9. b4 Bd6 10. Bb2 Bf4
11. b5 Ne5 12. Nxd4 O-O 13. Nxe6 fxe6 14. Nf3 Qd5 15. c4 Qd6 16. g3 Bg5 17. Bxe5 Qb6 18. Nxg5 Ng4 19. Bxg4 Qc5 20. d4 Qxc4
21. Bxe6+ Qxe6 22. Nxe6 Rf7 23. Qg4 Re8 24. Nxg7 Rxe5 25. dxe5 Rxg7 26. Qc8+ Kf7 27. Qxc7+ Kg6 28. Qc2+ Kf7 29. f4 h5 30. Qf5+ Ke8
31. Qxh5+ Kf8 32. Rac1 Rf7 33. Qxf7+ Kxf7 34. Rc7+ Ke6 35. Rxb7 Kd5 36. Rxa7 Kc5 37. Rb7 Kd5 38. Rc1 Ke4 39. e6 Ke3 40. e7 Kd2
41. Rc8 Ke2 42. a4 Kf3 43. e8=Q Kg4 44. a5
1-0

[Event "Tournament for new players to the site"]
[Site "SchemingMind.com"]
[Date "2005.04.27"]
[Round "-"]
[White "asperse"]
[Black "enkae"]
[Result "0-1"]
[WhiteCountry "ENG"]
[BlackCountry "GER"]
[WhiteElo "1313"]
[WhiteRD "75"]
[BlackElo "1700"]
[BlackRD "204"]
[GameID "13846"]

1. e4 e5 2. d4 Nf6 3. Nc3 exd4 4. Qxd4 Nc6 5. Qe3 Nb4 6. Qd2 Bc5 7. a3 Nc6 8. Bc4 d6 9. Nd5 Nxe4 10. Qf4 Bxf2+
11. Kd1 f5 12. g4 fxg4 13. Qxe4+ Ne5 14. Bg5 Qd7 15. Ne7 c6 16. Qf4 Rf8 17. Qe4 h6 18. Ng6 Rf5 19. Be7 d5 20. Nxe5 Qxe7
21. Bxd5 Rxe5 22. Qg6+ Kf8 23. Qh7 Re1+ 24. Kd2 Qe3#
0-1

[Event "Tournament for new players to the site"]
[Site "SchemingMind.com"]
[Date "2005.04.27"]
[Round "-"]
[White "Scotty919"]
[Black "enkae"]
[Result "0-1"]
[WhiteCountry "ENG"]
[BlackCountry "GER"]
[WhiteElo "1412"]
[WhiteRD "91"]
[BlackElo "1687"]
[BlackRD "111"]
[GameID "13848"]

1. e4 e5 2. Nf3 Nc6 3. d4 exd4 4. Nxd4 Bc5 5. c3 Nf6 6. Nf5 d5 7. Bb5 Nxe4 8. O-O Bxf5 9. Re1 Bxf2+ 10. Kh1 Bxe1
11. Qxe1 Qd6 12. Qf1 O-O-O 13. Qxf5+ Rd7 14. Nd2 g6 15. Nxe4 dxe4 16. Qf1 a6 17. Be2 f5 18. h3 Rhd8 19. Bf4 Ne5 20. a3 Qb6
21. Bxe5 Qxb2 22. Bd4 b6 23. Bxa6+ Kb8 24. Bb5 Rd5 25. Be2 c5 26. Bf6 R8d6 27. Be7 Rd7 28. Bg5 Qxc3 29. a4 Kb7 30. Qb1 c4
31. h4 Rg7 32. Qc1 Qb4 33. Bxc4 Rc5 34. Rb1 Qxa4 35. Bf6 Rxc4 36. Qb2 Rb4 37. Qc1 Rc7 38. Qd1 Rxb1 39. Qxb1 e3 40. Qb2 Qd1+
41. Kh2 e2 42. Bd4 Rc6 43. Bc3 Rxc3 44. Qxc3 e1=Q 45. Qxe1 Qxe1
0-1